00761 2200265 4500001002100000005001700021008004100038020002200079035002500101040001200126082001500138084001900153100001200172245011000184260003900294300003200333650001100365650001800376700001900394700001600413850001200429990001800441990001800459990001800477INLIS00000000000521320150914134331.0  a978-602-249-545-1 a0010-051500000000346 aYOPDYOG 223a741.59 aK 741.59 Dia K aDIAN K. aKomik cerita rakyat indonesia 2b: Jawa, Maluku, Papuac/ Dian K. dan Tethy Ezokanzo; Editor, Denis Agung aJakartabBhuana Ilmu Populerc2014 a161 hlm.b: ilus.c; 24 cm. aFoklor aKomik, Bacaan aTETHY Ezokanzo aDENIS Agung aYOPDYOG a18402-PD/B.15 a18403-PD/B.15 a18404-PD/B.15